000 00460nam a2200157 i 4500
001 51956
003 ES-MaACL
005 20230906162458.0
007 t|
008 030821s1980 sp ||||1| spa d
100 1 _aChien, Yüan-heng.
_938502
245 1 0 _aIndustria de los comunistas chinos en 1979 /
_cpor Yuan-heng Chien.
260 _a[S.l.] :
_bLiga Mundial Anticomunista,
_c1980.
300 _a39 p. ;
_c19 cm.
852 _aES-MaACL
_j2111-F-12
_bR.100924
999 _c51956
_d51956